000 00283nam a2200121Ia 4500
008 190216s9999||||xx |||||||||||||| ||und||
100 _aJohn H Dean
245 0 _aLange`S Hand Book Of Chemistry
260 _bMcgraw -hill
_c1985
300 _a1792p
650 _aChemistry
942 _cBK
999 _c2486
_d2486